LDR 00710naa#a2200169#i#450# 001 EN\\bibl\105785 005 20260415195059.3 011 ## _a1729-9187 100 ## _a20260330b2026####ek#y0engy0150####ca 102 ## _aRU 200 1# _aAdministrative responsibility for carrying out business activities in the transport sector without a license _eJournal article 210 1# _aUfa _cUfa Law Institute of the Ministry of Internal Affairs of Russia _d2026 215 ## _a7 с. 608 ## _aJournal article _2local 675 ## _aДействия (акты) административного права. Административные акты. 342.924 _z 700 #1 _aVlasov _gKonstantin Aleksandrovich 856 4# _aobshtestvo-uyi.editorum.ru _u